Comunicare la notte /

সংরক্ষণ করুন:
গ্রন্থ-পঞ্জীর বিবরন
অন্যান্য লেখক: Cantoni, Lamberto
বিন্যাস: গ্রন্থ
ভাষা:ইতালিয়
প্রকাশিত: [Milano] : SILB, stampa 1996
ট্যাগগুলো: ট্যাগ যুক্ত করুন
কোনো ট্যাগ নেই, প্রথমজন হিসাবে ট্যাগ করুন!

MARC

LEADER 00000nam a22000007i 4500
001 IT\ICCU\UBO\1161825
003 ItRI
005 20260115232430.0
008 001211s1996 it |||||| ||||| |||||c
040 |b ita  |c importazione bologna sebina 
041 7 |a ita  |2 ISO-639-2 
245 0 0 |a Comunicare la notte /  |c a cura di Lamberto Cantoni. 
260 |a [Milano] :  |b SILB,  |c stampa 1996 
300 |a 367 p. :  |b ill. ;  |c 22 cm. 
700 1 |a Cantoni, Lamberto  |0 IT\ICCU\BVEV\014797 
942 |2 ddc  |c BK  |n 0 
952 |0 0  |1 0  |4 0  |6 DOC_305_230000000000000_CAN  |7 0  |9 25646  |a BO  |b BO  |d 2026-01-15  |i 6583  |l 0  |o DOC 305.23 CAN  |p BO6583  |r 2026-01-15 23:24:30  |w 2026-01-15  |x [Sebina 7] [1 v.]  |y BK  |z 1 v. 
999 |c 21763  |d 21763